000 00597cam a22002173a 4500
001 45279
003 PGUSA
005 20140828084035.0
008 140331s2014||||xxu|||||s|||||000 | eng d
040 _aPGUSA
_beng
042 _adc
245 1 0 _aAmerican Indian Fairy Tales
_h[electronic resource] /
_cAnonymous
260 _bProject Gutenberg,
_c2014
506 _aPublic domain in the USA.
516 _aElectronic text
700 1 _aRae, John,
_d1845-1915
700 1 _aLarned, W.T.
830 0 _aProject Gutenberg
_v45279
856 4 0 _uhttp://www.gutenberg.org/ebooks/45279
942 _cEB
999 _c274530
_d274530